[Event "SK Neuburg 1-SK Freising 1"]
[Site "?"]
[Date "2024.11.10"]
[Round "3.6"]
[White "Liesecke, Christian"]
[Black "Paul, Franz Xaver"]
[Result "1-0"]
[WhiteElo "1926"]
[BlackElo "1827"]
[Annotator "Stockfish 17"]
[PlyCount "99"]
[EventDate "2024.??.??"]
[WhiteTeam "SK Neuburg 1"]
[BlackTeam "SK Freising 1"]

{[%evp 13,99,43,44,45,50,50,69,52,80,57,80,47,52,28,131,58,123,110,217,212,216,
168,172,147,153,112,127,128,152,147,229,230,230,204,181,134,199,202,203,203,
203,204,207,207,214,205,205,220,233,243,237,194,197,195,197,198,218,208,289,
281,340,310,397,398,467,446,436,464,647,623,829,809,1006,1000,953,934,1552,
1223,29989,29990,29993,29993,29993,29994,29994,29995,29996,29996]} 1. d4 Nf6 2.
c4 g6 3. Nc3 Bg7 4. e4 d6 5. Nge2 O-O 6. Ng3 e5 7. d5 a5 8. h4 h5 $1 9. Bg5 c6
10. Qd2 (10. Be2 Qb6 $6 11. Qd2 (11. Na4 $5 Qc7 12. c5) 11... Nbd7 12. Rb1 cxd5
13. cxd5 Nc5 14. O-O Bd7 15. Be3 Rac8 {Doncevic,D-Smejkal,J BL 1984}) 10... Qb6
11. Be3 Qc7 12. f3 Na6 13. Rd1 Ne8 $6 (13... Bd7 $11) 14. Bd3 Qe7 $6 (14... Nf6
$14) 15. Na4 c5 $2 (15... Bf6 $16) 16. Nb6 $1 $18 (16. Qxa5 $2 Nac7 $19) 16...
Rb8 17. Bg5 ({Jedoch nicht} 17. Qxa5 $6 Bf6 $16) 17... Bf6 18. Bxf6 Nxf6 19.
Qxa5 Qc7 {[#] Weiss sollte ...Sd7 verhindern.} 20. Qb5 Nd7 21. Nxc8 Rbxc8 (
21... Rfxc8 $16 {ist eine bessere Verteidigung.} 22. a3 Rd8) 22. a3 $18 Rcd8
23. Ke2 Kg7 24. Bc2 Qb6 (24... Rb8 $16 25. Kf2 Rfd8) 25. Qxb6 Nxb6 26. Bd3 Na4
27. Rb1 Nc7 28. Kd2 Ra8 29. Ne2 Rfb8 30. b3 Nb6 31. a4 Na6 32. g4 Rh8 33. Ng3
hxg4 34. fxg4 Nb4 35. Be2 Rh7 36. h5 Rah8 37. Rbf1 $18 Nd7 38. g5 Rf8 39. Bg4
Rd8 40. Rf2 Na6 41. Rhf1 Kg8 {[#]} 42. Rxf7 $3 {[%mdl 512]} Nf8 {[#]} (42...
Rxf7 43. Be6) 43. Rxf8+ $1 Rxf8 44. Be6+ Rff7 45. hxg6 {[%mdl 64] Fesselung}
Rh2+ 46. Ke3 {Weiß setzt Matt.} Rb2 47. gxf7+ Kf8 48. Rh1 Rxb3+ 49. Kf2 Kg7 {
[#]} 50. Rh8 $3 1-0

[Event "SK Neuburg 1-SK Freising 1"]
[Site "?"]
[Date "2024.11.10"]
[Round "3.7"]
[White "Mujdzic, Emir"]
[Black "Richter, Klaus"]
[Result "1-0"]
[WhiteElo "1757"]
[BlackElo "1922"]
[Annotator "Stockfish 17"]
[PlyCount "59"]
[EventDate "2024.??.??"]
[WhiteTeam "SK Freising 1"]
[BlackTeam "SK Neuburg 1"]

{[%evp 11,59,15,16,17,14,13,18,9,30,-27,10,11,6,15,31,23,30,24,39,-16,46,53,73,
71,63,67,149,87,92,84,361,360,342,342,330,337,434,417,559,545,508,527,517,508,
564,550,637,598,803,806]} 1. d4 Nf6 2. Bg5 c5 3. Bxf6 gxf6 4. d5 Qb6 5. Qc1 f5
6. c4 (6. g3 Bg7 7. c3 d6 8. Bg2 Nd7 9. Nh3 $6 (9. Nf3 e6 10. O-O O-O $11) 9...
Nf6 10. Nd2 O-O {Adams,M-Lautier,J Paris PCA-Intel GP 1995}) 6... Bg7 7. Nc3 d6
8. e3 Nd7 9. Nge2 $11 Nf6 10. Ng3 Bd7 11. Bd3 e6 12. Qc2 O-O-O 13. a3 h5 14.
Nge2 Ng4 15. O-O Ne5 (15... Rdg8 $11) 16. b4 $14 Rhg8 17. Rfb1 Nxd3 18. Qxd3
Kc7 $2 (18... Kb8 $14) 19. bxc5 (19. Ra2 Kb8 20. Rab2 $16) 19... Qxc5 $16 20.
Nd4 e5 $2 {[%mdl 8192] [#]} (20... Kb8 $16) 21. Ndb5+ $18 (21. Nxf5 Kb8 $18)
21... Kb8 {Droht ...e4.} 22. Na4 e4 {zielt auf ...Dxb5 ab.} 23. Qe2 {Weiß
gewinnt} ({Schwächer ist} 23. Nxc5 exd3 24. Nxd6 b6 $16) 23... Qc8 {...Lxb5
ist eine echte Drohung.} 24. Nxd6 {[%mdl 64] [#] Doppelangriff, Abzugsangriff}
Qc7 25. Rxb7+ {Weiß steht klar auf Gewinn.} Qxb7 26. Nxb7 {Droht stark Tb1.}
Bxa1 27. Nxd8 Bxa4 28. Nc6+ Kc7 29. Qe1 Bf6 30. Qa5+ {[%mdl 64] Doppelangriff.}
1-0

[Event "SK Neuburg 1-SK Freising 1"]
[Site "?"]
[Date "2024.11.10"]
[Round "3.8"]
[White "Danyi, Zoltan"]
[Black "Schneider, Wolfgang"]
[Result "0-1"]
[WhiteElo "1707"]
[BlackElo "1847"]
[Annotator "Stockfish 17"]
[PlyCount "92"]
[EventDate "2024.??.??"]
[WhiteTeam "SK Neuburg 1"]
[BlackTeam "SK Freising 1"]

{[%evp 15,92,-26,-14,-32,-19,-20,-11,-76,-74,-81,-89,-82,-85,-141,-81,-102,
-106,-102,-41,-36,-24,-18,15,-3,45,47,143,133,145,113,162,25,40,-2,10,-28,-6,
-9,67,-1,2,-35,-32,-39,36,42,76,25,60,61,86,92,80,76,91,-1,-5,-15,-12,-16,-17,
-74,0,-81,-70,-296,-104,-203,-147,-475,-469,-526,-513,-596,-578,-698,-694,
-1002,-1002]} 1. e4 c5 2. Nf3 d6 3. d4 cxd4 4. Nxd4 Nf6 5. Nc3 a6 6. Bg5 e6 7.
Bc4 (7. f4 Be7 8. Qf3 Qc7 9. O-O-O Nbd7 10. g4 {wäre eine vielgespielte
Variante}) 7... Be7 8. O-O O-O 9. Bb3 Qc7 10. f4 Nc6 {[%cal Bb8c6,Bc6a5,Ba5c4]
[%mdl 32]} 11. Nf3 $6 (11. Nxc6 $11 bxc6 12. Qf3) 11... b5 $17 12. Qe1 h6 13.
Bh4 b4 14. Nd1 $6 $17 Na5 (14... a5 $142) 15. Bxf6 Bxf6 16. Qxb4 Rb8 (16...
Nxb3 $17 17. cxb3 Bb7) 17. Qe1 $15 Nc4 $11 {[%mdl 1024]} 18. c3 Bb7 19. Kh1
Rfd8 20. Qe2 d5 $6 (20... Rbc8 $14) 21. e5 $16 Be7 22. Nd4 Bc8 23. Qh5 (23. Bc2
$142 $16) 23... Nd2 24. Re1 (24. Rf2 $5 {[%cal Rf2d2]} Ne4 25. Rf3 $14) 24...
Bc5 25. Qe2 Nxb3 (25... Bxd4 {fühlt sich spannender an.} 26. Qxd2 Bc5 27. Nf2
a5 28. Rad1 Ba6) 26. Nxb3 d4 $6 (26... a5 $11) 27. Nxc5 Qxc5 $11 28. Qd3 Bb7
29. c4 Rbc8 (29... Qc6 $142 $15 30. Re2 a5) 30. b3 $1 $14 Qc6 {[%csl Gb7][%cal
Rc6g2] [#]} 31. Rg1 (31. Re2 {sieht schärfer aus.} Qb6 32. Rb2 a5 33. Nf2 a4
34. h3) 31... Rd7 32. Nf2 f6 33. exf6 gxf6 34. Rae1 {zielt auf Sg4 ab.} f5 35.
Qh3 (35. Qe2 $16) 35... Rg7 36. Nd3 $11 Kh7 $1 37. Ne5 Qd6 38. Re2 Rcg8 (38...
Be4 $17) 39. Rf2 (39. Qd3 $1 $11 {hält das Gleichgewicht.}) 39... Be4 40. Rd2
$2 ({Besser ist} 40. Qh5 $15 Qc7 41. Qe2) 40... a5 $2 (40... Qb4 $19 {und
Schwarz behält klar die Oberhand.} 41. Re2 {[#]} (41. Rxd4 Rxg2 42. Rd7+ R2g7+
{[%mdl 64] Abzugsangriff} 43. Nf3 Rxd7 $19) 41... Bxg2+ $1 {[%mdl 512]} 42.
Rgxg2 Rxg2 43. Qxg2 Rxg2 44. Kxg2 Qc3) 41. Nd3 (41. Rf2 $17) 41... Rg4 $19 {
Droht stark ...De7.} 42. c5 $2 {[%mdl 8192]} (42. Ne5 $17 {war die
entscheidende Verteidigung.} Qb4 43. Re2 (43. Nxg4 $2 fxg4 44. Qg3 Qxd2 $19) (
43. Rxd4 Rxg2 44. Rd7+ R2g7+ {[%mdl 64] Abzugsangriff} 45. Nf3 Rxd7 46. Rxg8
Kxg8 47. Kg1 Qc3 48. Qg3+ Rg7 49. Ng5 Qc1+ 50. Kf2 Qd2+ {[%mdl 64]
Doppelangriff} 51. Kf1 Bd3+ 52. Qxd3 Qxd3+ 53. Kf2 hxg5 54. fxg5 Rxg5 55. c5
Qe4 56. Kf1 Rg2 {[%mdl 64] Doppelangriff} 57. h3 Qe2#) 43... Bxg2+ 44. Rgxg2
Rxg2 45. Qxg2 Rxg2 46. Kxg2) 42... Qe7 {...Th4 ist eine echte Drohung.Schwarz
steht klar auf Gewinn.} 43. Nf2 Rh4 44. Nxe4 {Schwarz muss nun Df3 beachten.}
Rxh3 45. Ng5+ hxg5 46. gxh3 Qb7+ 0-1

[Event "TV Tegernsee 1-SV Deggendorf 2"]
[Site "?"]
[Date "2024.11.10"]
[Round "3.2"]
[White "Shen, Tingrui"]
[Black "Firlbeck, Hubert"]
[Result "1/2-1/2"]
[WhiteElo "2151"]
[BlackElo "2039"]
[Annotator "Stockfish 17"]
[PlyCount "52"]
[EventDate "2024.??.??"]
[WhiteTeam "TV Tegernsee 1"]
[BlackTeam "SV Deggendorf 2"]

{[%evp 15,52,61,60,59,62,16,65,39,33,21,28,10,28,-49,-48,-43,-43,-39,-43,-174,
-166,-200,-153,-142,-111,-106,-103,-124,-118,-148,-125,-124,-124,-120,-27,-133,
-98,-97,-103]} 1. Nf3 Nf6 2. g3 d6 (2... d5 3. Bg2 c6 4. O-O Bg4 5. d3 Nbd7 6.
Nbd2 e5 {wird oft gespielt und gibt dem Schwarzen gutes Spiel}) 3. d4 Nbd7 4.
Bg2 e5 5. c4 Be7 6. Nc3 (6. O-O O-O $6 (6... c6 $142 7. Nc3 O-O (7... e4 $5 8.
Ne1 d5 9. cxd5 cxd5 10. Bf4 O-O $11 {Uhlmann,W-Pirc,V Baden Vienna 1961}) 8. e4
a6 $16) 7. Nc3 c6 8. e4 {kam in etlichen Partien vor}) 6... O-O 7. O-O Re8 8.
b3 c6 9. Qc2 Bf8 10. Rd1 a6 11. dxe5 dxe5 12. e3 $11 Qc7 13. Bb2 a5 14. Ne4 $6
(14. Na4 $11) 14... Nxe4 $15 15. Qxe4 f6 16. h3 Nc5 {[#] Weiß spielte etwas
anspruchslos und steht etwas schlechter} 17. Qh4 $2 ({Günstiger ist} 17. Qc2
$15) 17... Bf5 $1 18. g4 {[#]} g5 (18... Bc2 19. Rdc1 Bg6 {- 2.20 so durfte
Weiß nicht spielen}) 19. Qg3 Bg6 (19... Bc2 20. Rdc1 Bg6 {kam wiederum in
Frage}) 20. h4 h6 21. Nd4 gxh4 22. Qh2 h3 23. Bxh3 Qg7 $17 24. Nf3 h5 (24...
Be4 $142 $1 $17 25. Nd2 (25. Nh4 Qg5 26. Bg2 Bxg2 27. Kxg2 Qxg4+ $17) 25... Bc2
) 25. Qg3 $6 (25. g5 $1 $11) 25... hxg4 $17 26. Bxg4 f5 $17 {die weiße
Spielweise kann nicht beeindrucken} 1/2-1/2

[Event "TV Tegernsee 1-SV Deggendorf 2"]
[Site "?"]
[Date "2024.11.10"]
[Round "3.3"]
[White "Tauber, Rainer"]
[Black "Thiel, Fabian"]
[Result "1/2-1/2"]
[WhiteElo "1982"]
[BlackElo "2154"]
[Annotator "Stockfish 17"]
[PlyCount "22"]
[EventDate "2024.??.??"]
[WhiteTeam "SV Deggendorf 2"]
[BlackTeam "TV Tegernsee 1"]

{[%evp 9,22,19,19,2,5,-1,7,8,11,-8,-30,-18,14,1,11]} 1. e4 e5 2. Nf3 Nc6 3. Bc4
Nf6 4. d3 Bc5 5. c3 d6 6. a4 {[#] Droht stark b4.} a5 (6... a6 7. O-O O-O 8.
Re1 Ba7 9. Nbd2 Ng4 10. Re2 Bd7 {Adams,M-Kula,R EU-chJ U20 Arnhem 1988}) 7.
Nbd2 O-O 8. O-O Kh8 9. Qe2 Ba7 10. Nb3 Bg4 11. Be3 Bxe3 $11 (11... Bxe3 12.
fxe3 Ne7 13. h3 Bd7 {war eine mögliche Fortsetzung}) 1/2-1/2

[Event "TV Tegernsee 1-SV Deggendorf 2"]
[Site "?"]
[Date "2024.11.10"]
[Round "3.4"]
[White "Walter, Thomas"]
[Black "Bielmeier, Ludwig"]
[Result "0-1"]
[WhiteElo "2093"]
[BlackElo "1987"]
[Annotator "Stockfish 17"]
[PlyCount "96"]
[EventDate "2024.??.??"]
[WhiteTeam "TV Tegernsee 1"]
[BlackTeam "SV Deggendorf 2"]

{[%evp 9,96,64,99,100,103,103,97,85,241,229,260,258,269,273,286,231,236,219,
239,120,227,67,176,26,109,82,122,94,121,-37,-37,-34,-44,-46,-45,-41,-41,-50,
-35,-87,0,-5,0,-208,-187,-166,-170,-257,-257,-402,-382,-413,-391,-361,-259,
-249,-211,-277,-260,-244,-204,-287,-301,-280,-284,-303,-293,-313,-332,-324,
-280,-282,-270,-397,-383,-417,-429,-460,-457,-451,-421,-472,-486,-1025,-996,
-967,-970,-878,-921]} 1. e4 c6 2. d4 d5 3. e5 c5 4. dxc5 Nc6 5. f4 (5. Bb5 e6
6. Be3 Nge7 {kann auch folgen} 7. Nf3 Bd7 8. O-O Nxe5 9. Nxe5 Bxb5 10. c4 Bc6
11. Nc3 {Shirov,A-Karpov,A Monaco rapid 1996}) 5... Bf5 $6 (5... e6 6. Be3 g5
$2 (6... d4 $142 7. Bf2 Bxc5) 7. fxg5 {+ 1.70 ist nicht empfehlenswert} Nge7 8.
Nf3 Bg7 9. Bd3 Nxe5 10. Nxe5 $18 {Tenikashvili,G-Erenburg,S Kazan 1997}) 6. Nf3
e6 {[#]} 7. Be3 $16 Nh6 8. c3 Bxb1 $2 {der Abtausch ist schlecht} (8... Be7 $16
{war einen Versuch wert.}) 9. Rxb1 $18 g6 10. Bb5 Nf5 11. Bf2 Be7 12. Qa4 O-O
13. Bxc6 bxc6 14. g4 (14. Qa6 $142 h5 15. a4 Qc8 16. Qxc8 Rfxc8 17. Ke2 $18)
14... Ng7 $6 (14... Nh4 $16) 15. g5 $2 (15. Qxc6 $18 Qa5 16. a4) 15... Qc7 {[#]
} ({Besser ist} 15... a5 $14) 16. h4 $14 (16. Qa6 $1 $18) 16... Nh5 $6 (16...
a5 $11) 17. Nh2 Rfb8 18. Ng4 Rb5 19. Nf6+ $2 (19. b4 $16) 19... Bxf6 $15 20.
gxf6 Rab8 21. b3 Ra5 22. Qd4 Rxa2 23. O-O Qa5 24. f5 $6 exf5 $6 $11 (24... gxf5
$17 {und nun wäre ...Kh8 stark für Schwarz.} 25. Kh1 Kh8) 25. e6 $11 fxe6 26.
Rfe1 $2 (26. Qe5 $11 Re8 27. Bd4) 26... Re8 $19 27. b4 Qc7 {Droht ...e5 und
aus.} 28. c4 (28. b5 $142) 28... Nf4 {Und ...Sh3+ würde nun gewinnen.} 29. Kf1
(29. Re3 {ist wohl besser.}) 29... Nh3 $19 30. Rb2 Rxb2 31. Qxb2 Nxf2 32. Qxf2
Kf7 33. cxd5 exd5 34. Rxe8 Kxe8 {[%mdl 4096] Endspiel KD-KD} 35. Qe3+ (35. h5 {
kämpft weiter.}) 35... Kf7 36. Qh6 Kxf6 37. Qf8+ Ke5 38. Ke2 Qd7 39. Qh8+ Ke6
40. Qg8+ Kf6 {Droht stark ...De6+.} 41. Kd3 (41. Qh8+ $142 Ke6 42. Kd3) 41...
f4 42. Qf8+ Ke5 43. Qb8+ {Schwarz steht klar auf Gewinn.} Kf5 44. b5 cxb5 45.
Qf8+ Kg4 46. Qf6 Qf5+ 47. Qxf5+ Kxf5 48. Kd4 Ke6 0-1

[Event "TV Tegernsee 1-SV Deggendorf 2"]
[Site "?"]
[Date "2024.11.10"]
[Round "3.5"]
[White "Grabmeier, Johannes"]
[Black "Lettl, Gerhard"]
[Result "1/2-1/2"]
[WhiteElo "1908"]
[BlackElo "1941"]
[Annotator "Stockfish 17"]
[PlyCount "42"]
[EventDate "2024.??.??"]
[WhiteTeam "SV Deggendorf 2"]
[BlackTeam "TV Tegernsee 1"]

{[%evp 9,42,-14,-11,-22,10,-11,14,14,24,-13,-12,-38,-37,-42,-53,-56,-30,-22,
-16,-70,-66,-88,-85,-90,-85,-89,0,-121,-115,-184,-117,-118,-31,-32,83]} 1. b3
d5 2. e3 c5 3. Bb2 Nc6 4. Bb5 Nf6 5. Qe2 e6 6. f4 Be7 7. Nf3 O-O 8. Bxc6 bxc6
9. Ne5 Qb6 10. O-O c4 $1 $15 11. d3 cxd3 12. cxd3 c5 13. Rf3 Nd7 14. Rh3 {
Droht Sxd7 und aus.} Nxe5 15. Qh5 {[%csl Gh3][%cal Rh5h7] [#]} h6 16. Bxe5 {
Schwarz muß sich genau verteidigen} f6 17. Bc3 d4 (17... Ba6 $5 18. Qg6 Qb5
19. e4 (19. Rxh6 $2 Qxd3 20. Qxd3 Bxd3 $19) 19... Qe8 20. Qg3 Kh7 $17) 18. Bd2
$2 (18. Qg6 $1 $11 {bleibt in der Remisbreite.}) 18... c4 $1 $17 19. dxc4 (19.
e4 $17 f5 20. Rg3) 19... e5 $17 (19... f5 $1 $19 20. Qg6 (20. Kh1 Bb7 21. Qe2
Rad8 $19 {gibt Schwarz sehr gute Aussichten}) 20... Bb7) 20. f5 Bb4 (20... e4
$17) 21. Rg3 Bxd2 1/2-1/2

[Event "TV Tegernsee 1-SV Deggendorf 2"]
[Site "?"]
[Date "2024.11.10"]
[Round "3.6"]
[White "Dietlmeier, Tobias"]
[Black "Bauer, Bernd"]
[Result "1/2-1/2"]
[WhiteElo "1968"]
[BlackElo "1903"]
[Annotator "Stockfish 17"]
[PlyCount "28"]
[EventDate "2024.??.??"]
[WhiteTeam "TV Tegernsee 1"]
[BlackTeam "SV Deggendorf 2"]

{[%evp 9,28,41,95,11,76,94,85,87,183,37,58,27,34,-103,-111,-164,-163,-155,-169,
-136,-142]} 1. d4 d5 2. Nf3 c5 3. c4 cxd4 4. cxd5 Qxd5 5. Nc3 Qd8 6. Nxd4 (6.
Qxd4 $142 $16 Qxd4 7. Nxd4) 6... Bd7 (6... e5 $11 {hält das Gleichgewicht.} 7.
Ndb5 a6 8. Qxd8+ Kxd8) 7. e4 $16 Nc6 8. Be3 e5 $2 (8... a6 $16) 9. Nf3 (9. Nxc6
$1 Bxc6 10. Qb3 {+ 2.30 ist ein gefährlich großer Vorteil}) 9... Nf6 10. Bc4
Bb4 11. Ng5 $2 (11. O-O $14 {behält die Oberhand.}) 11... O-O $17 12. Qb3 {
[%cal Rg5f7] [#]} Qe7 {Schwarz steht deutlich besser.} 13. a3 Bxc3+ 14. Qxc3 {
Und Lc5! würde nun gewinnen.} h6 $17 1/2-1/2

[Event "TV Tegernsee 1-SV Deggendorf 2"]
[Site "?"]
[Date "2024.11.10"]
[Round "3.7"]
[White "Gahr, Michael"]
[Black "Kaiser, Guenter"]
[Result "1/2-1/2"]
[WhiteElo "1870"]
[BlackElo "2005"]
[Annotator "Stockfish 17"]
[PlyCount "95"]
[EventDate "2024.??.??"]
[WhiteTeam "SV Deggendorf 2"]
[BlackTeam "TV Tegernsee 1"]

{[%evp 12,95,58,-6,-5,-6,-4,-1,1,2,16,18,20,21,28,-24,34,12,65,32,31,29,27,26,
30,29,31,29,209,223,201,200,215,220,208,153,149,130,157,163,162,137,244,244,
249,250,248,242,243,189,217,171,180,145,191,142,181,126,129,127,139,142,181,
142,144,150,279,288,364,252,245,0,0,0,0,0,0,0,0,0,0,0,0,0,0,0]} 1. e4 d6 2. d4
Nf6 3. Nc3 c6 4. Nf3 Bg4 5. Be2 (5. h3 $5 Bxf3 (5... Bh5 $143 6. g4 Bg6 7. Qe2)
6. Qxf3 d5 7. e5 $16) 5... e6 6. Be3 d5 7. exd5 ({Besser ist} 7. e5 $14 Nfd7 8.
O-O) 7... cxd5 $11 8. h3 Bxf3 9. Bxf3 Bd6 10. O-O O-O $11 11. Nb5 Be7 12. c4
Nc6 13. Rc1 Qb6 $6 14. Qe2 Rfd8 15. Nc3 Qa6 16. cxd5 Qxe2 17. Bxe2 Nxd5 18.
Nxd5 Rxd5 19. Bf3 {[#]} Rb5 $2 (19... Rd6 $11 {und Schwarz muss sich keine
Sorgen machen.}) 20. Rxc6 $1 bxc6 21. Bxc6 {[%mdl 64] Doppelangriff} Rab8 22.
Bxb5 Rxb5 {[%mdl 4096] Endspiel KTL-KTL} 23. b3 (23. Rc1 $142 $1 f6 (23... Rxb2
$2 {kann sich Schwarz nicht erlauben} 24. Rc8+ Bf8 25. d5 Rb5 26. d6 Rd5 27. d7
Rxd7 28. Bc5 $18) 24. Rc7 Kf8 25. b3 $18) 23... Ba3 24. Bc1 Be7 25. Be3 Ba3 26.
Rd1 $16 Kf8 (26... a5 $16 27. g4 f6) 27. d5 $1 exd5 28. Bxa7 Ke7 29. Bd4 $18 f6
30. Re1+ Kd7 31. Re2 Rb8 32. Bb2 Bc5 33. Rd2 Kd6 34. Rd3 (34. Kf1 $1) 34... Ra8
35. a4 Re8 {[#]} 36. Kf1 Re7 37. Bc3 Rb7 38. Bd2 d4 $2 (38... Kc6 $16 39. a5
Rb8) 39. b4 $1 $18 {[%mdl 64] Hinlenkung} Bxb4 40. Rxd4+ (40. Rb3 Kc5 41. a5 {
+ 5.20 war für den Spieler nicht sehr naheliegend}) 40... Kc5 41. Rxb4 $2 {
verschenkt den Sieg} ({Der einzige Zug:} 41. Be3 $18 Kc6 42. Rd8 $18 {bleibt
auf Gewinnkurs}) 41... Rxb4 $11 42. Bxb4+ Kxb4 43. Ke2 Kxa4 $18 {K3B-K3B} 44.
Kd3 {zielt auf Kc4 ab.} Kb5 45. Ke4 {Und Kd5 würde nun gewinnen.} Kc6 46. Kf5
{Droht stark Ke6.} Kd6 47. h4 Ke7 48. h5 1/2-1/2

[Event "TV Tegernsee 1-SV Deggendorf 2"]
[Site "?"]
[Date "2024.11.10"]
[Round "3.8"]
[White "Stoib, Marinus"]
[Black "Krauss, Andreas"]
[Result "1/2-1/2"]
[WhiteElo "1912"]
[BlackElo "1848"]
[Annotator "Stockfish 17"]
[PlyCount "151"]
[EventDate "2024.??.??"]
[WhiteTeam "TV Tegernsee 1"]
[BlackTeam "SV Deggendorf 2"]

{[%evp 19,151,7,54,-40,25,-47,-28,-29,-28,-25,-23,-18,-2,-30,2,2,3,-3,0,-70,22,
27,138,-2,0,0,0,0,0,0,0,0,13,-72,-53,-101,0,0,46,43,43,16,19,22,25,26,42,42,42,
43,47,47,48,48,48,48,40,49,39,23,24,0,0,0,0,0,0,0,0,0,0,0,0,0,0,0,0,0,0,0,0,0,
0,0,0,0,0,0,0,0,0,0,0,0,0,0,0,0,0,0,0,0,0,0,0,2,2,2,3,6,4,1,1,0,0,0,0,0,0,0,0,
0,0,0,0,0,0,0,0,0,0,0,0,0]} 1. Nf3 d5 2. g3 Nf6 3. Bg2 e6 4. O-O c5 5. d3 Be7
6. Nbd2 Nc6 7. e4 O-O 8. Re1 Qc7 9. c3 dxe4 10. dxe4 Rd8 11. a4 b6 (11... e5
$15) 12. Bf1 (12. e5 $11 Ne8 13. Qe2) 12... Bb7 13. Qc2 Na5 14. Nc4 Nxc4 15.
Bxc4 Nd7 16. Qb3 Bf6 $11 17. Bf4 Qc8 18. Rad1 Nf8 19. Bd6 {[#]} (19. h4 $11)
19... Ng6 ({Lieber} 19... Bxe4 $1 $15 20. Rxe4 Qc6 {[%mdl 64] Doppelangriff})
20. h4 $11 Be7 $2 {nach bislang gutem Spiel ein schwacher Zug[#]} (20... h6 $11
{hält das Gleichgewicht.}) 21. h5 (21. Bxe7 Rxd1 22. Rxd1 Nxe7 $16) 21... Bxd6
22. hxg6 hxg6 $11 23. Ng5 $1 {[%cal Rg5e6] Sxe6! ist eine echte Drohung.} Ba6
24. Bxa6 Qxa6 25. e5 c4 26. Qc2 $6 (26. Qb5 $11 {bleibt in der Remisbreite.}
Qxb5 27. axb5 Bxe5 28. Rxd8+ Rxd8 29. Rxe5) 26... Be7 $17 27. Ne4 Rxd1 (27...
Rd3 $17 28. Rxd3 cxd3) 28. Rxd1 $11 Rd8 (28... Qb7 {fühlt sich spannender an.}
29. Rd4 Rd8 30. Nd2 Rxd4 31. cxd4 Bb4) 29. Rxd8+ Bxd8 30. Qd1 (30. Qd2 {
scheint wilder zu sein.} Qc8 31. Nd6 Qc6 32. Qf4 f6 33. Qxc4 Qxc4 34. Nxc4 Kf8
35. Kg2) 30... Qc8 31. Qd4 Be7 32. Nd2 Qd8 33. Qxd8+ Bxd8 34. Nxc4 $14 {
[%mdl 4096] Endspiel KL-KS} Kf8 35. Kg2 Bc7 36. Kf3 Ke7 37. Ke4 Kd7 38. b4 Kc6
39. Kd4 a6 40. Na3 b5 {Die Stellung ist ausgeglichen.} 41. axb5+ axb5 {Weiss
sollte ...Lb6+ verhindern.} 42. c4 bxc4 43. Nxc4 g5 44. g4 Bb8 45. f3 f6 46.
exf6 gxf6 47. Na3 Bd6 48. b5+ Kb7 49. Nc4 Be7 50. Ke4 Bd8 51. Kd4 Be7 $11 52.
Na5+ Kb6 {[%mdl 64] Doppelangriff} 53. Nc6 Bd6 54. Kc4 f5 55. Nd8 fxg4 56. fxg4
e5 57. Nf7 {[%mdl 64] Doppelangriff} Be7 58. Nxe5 Bd6 59. Nd7+ (59. Kd5 {
hält die Spannung aufrecht.} Bb4 60. Kc4 Ba3 61. Nd7+ Kc7 62. Nc5) 59... Kc7
60. Nf6 {Droht Se8+ und aus.} Kb6 61. Nd5+ Kb7 62. Kd4 Ba3 63. Ke5 Bb2+ 64. Kf5
Bc1 65. Nc3 Kb6 66. Ne4 Kxb5 67. Nxg5 Kc6 68. Ne6 Kd7 69. Nf4 Ke7 70. g5 (70.
Nd3 {ist interessant.} Be3 71. Ne5 Bc1 72. Nc4 Bh6 73. Nd6) 70... Bxf4 71. Kxf4
$11 {KB-K} Kf8 72. g6 Kg7 73. Kf5 Kg8 74. Kf6 {Droht Matt per g7.} Kf8 75. g7+
Kg8 76. Ke6 1/2-1/2

[Event "SK Starnberg 1-SC Groebenzell 2"]
[Site "?"]
[Date "2024.11.10"]
[Round "3.2"]
[White "Gschwendtner, Klaus"]
[Black "Scheckenbach, Franz"]
[Result "1-0"]
[WhiteElo "2031"]
[BlackElo "2029"]
[Annotator "Stockfish 17"]
[PlyCount "57"]
[EventDate "2024.??.??"]
[WhiteTeam "SK Starnberg 1"]
[BlackTeam "SC Gröbenzell 2"]

{[%evp 9,57,14,17,18,17,17,37,33,25,23,30,-11,63,34,33,-11,28,27,39,44,64,75,
126,128,135,125,139,100,184,29,144,69,88,74,64,34,49,89,150,146,185,181,403,
384,389,272,771,770,726,700]} 1. e4 c5 2. Nc3 d6 3. d4 cxd4 4. Qxd4 Nc6 5. Qd2
Nf6 6. b3 e6 7. Bb2 d5 8. exd5 exd5 9. O-O-O Be6 10. f3 Be7 (10... Qa5 $11) 11.
Nge2 Qa5 12. Nf4 {[%cal Rc3d5]} Bb4 {[#] Droht ...d4 und aus.} 13. Nd3 Be7 14.
Kb1 O-O 15. Ne2 Qb6 $6 (15... Qxd2 16. Rxd2 Rad8 $14) 16. Nef4 $16 a5 17. a4
Rac8 18. g4 d4 $6 (18... Nb4 $16 {ist eine bessere Verteidigung.}) 19. Bg2 $6 (
19. Nxe6 $18 fxe6 20. Qe2) 19... Bd6 $6 (19... Nd5 $11) 20. g5 (20. Nxe6 $16
fxe6 21. f4) 20... Nd5 21. Nxd5 Bxd5 22. f4 $36 {[%mdl 2048] Weiss steht
aktiver.} Bxg2 23. Qxg2 Rfe8 (23... Qc7 $142) 24. f5 $16 Re3 $6 {[#]} 25. g6 $1
{[%cal Rg6f7] Schwarz muss nun gxf7+ beachten.} Ne7 $2 (25... Qc7 {kämpft
weiter.} 26. gxh7+ Kh8) 26. gxf7+ $18 Kf8 {Jetzt ...Dc6 und Schwarz darf
weiter klammern.} 27. f6 {[%csl Gf6][%cal Rg2g7]} Nf5 (27... gxf6 28. Rhg1 Ng6)
28. fxg7+ Nxg7 29. Rhg1 1-0